Vianočná farma /
Stella Bloomová, majiteľka farmy s vianočnými stromčekmi, zápasí s finančnými problémami. Preto sa zapojí do instagramovej súťaže, ktorá by farmu mohla vďaka publicite a finančnej výhre zachrániť. V prihláške však uviedla, že farmu vlastní so svojím priateľom, ktorý v skutočnosti neexistuje. Preto p...
Uloženo v:
| Hlavní autor: | |
|---|---|
| Médium: | E-kniha |
| Jazyk: | Czech |
| Vydáno: |
Praha :
Albatros Media Slovakia s.r.o.,
2024
|
| Tagy: |
Žádné tagy |
| LEADER | 01516nam a22002297i 4500 | ||
|---|---|---|---|
| 001 | 302665 | ||
| 007 | ta | ||
| 008 | 260514s2024 xr ||||| |||| 00| 0 cze d | ||
| 020 | |a 9788056642313 | ||
| 044 | |a xr | ||
| 100 | 1 | |a Borison, B. K. |4 aut | |
| 245 | 1 | 0 | |a Vianočná farma / |c Borison, B. K. |
| 240 | 1 | 0 | |a Lovelight Farms |
| 264 | 1 | |a Praha : |b Albatros Media Slovakia s.r.o., |c 2024 | |
| 300 | |a 1 online zdroj (380 stran) | ||
| 336 | |a text |b txt |2 rdacontent | ||
| 337 | |a bez média |b n |2 rdamedia | ||
| 338 | |a online zdroj |b cr |2 rdacarrier | ||
| 520 | 2 | |a Stella Bloomová, majiteľka farmy s vianočnými stromčekmi, zápasí s finančnými problémami. Preto sa zapojí do instagramovej súťaže, ktorá by farmu mohla vďaka publicite a finančnej výhre zachrániť. V prihláške však uviedla, že farmu vlastní so svojím priateľom, ktorý v skutočnosti neexistuje. Preto požiada svojho najlepšieho kamaráta Luku Petersa, aby sa na týždeň vydával za jej snúbenca. Je to však ťažké, Stella Luku tajne miluje už roky. Bolo by krásne, keby Luka cítil to isté... | |
| 910 | |a RBIT002 | ||
| 998 | |d 426847 |a https://core.palmknihy.cz/api/books/426847/cover?tesggv |b https://core.palmknihy.cz/api/books/426847/cover/400?tesggv |c https://core.palmknihy.cz/api/books/426847/cover/50?tesggv |e 2028-04-21 |g 380 |i 9788056642313 |j https://core.palmknihy.cz/api/books/426847/preview.epub |k https://core.palmknihy.cz/api/books/426847/preview.pdf |l |q 49 |r 1 |s https://www.palmknihy.cz/kniha/426847 |t ebook |y 2024 |z 1 | ||
| 999 | |d 302663 | ||